[Event "Barcelona Sant Marti op-B 24th"]
[Site "Barcelona"]
[Date "2024.07.14"]
[Round "2"]
[White "Lopez Parejo, Sergio"]
[Black "Abascal Vicente, Ignacio"]
[Result "1/2-1/2"]
[WhiteElo "1700"]
[BlackElo "1740"]
[PlyCount "53"]
[EventDate "2024.07.13"]
[EventType "swiss"]
[EventRounds "9"]
[EventCountry "ESP"]
[SourceTitle "EXT 2025"]
[Source "ChessBase"]
[SourceDate "2024.10.14"]
[SourceVersion "1"]
[SourceVersionDate "2024.10.14"]
[SourceQuality "1"]

1. d4 d5 2. c4 c6 3. cxd5 cxd5 4. Nf3 Nc6 5. Nc3 Nf6 6. Bf4 e6 7. h3 Bd6 8. Bxd6 Qxd6 9. e3 a6 10. Bd3 0-0 11. 0-0 e5 12. dxe5 Nxe5 13. Nxe5 Qxe5 14. Qc2 h6 15. Rfd1 Be6 16. Rac1 Rac8 17. Qa4 Qg5 18. h4 Qe5 19. Be2 Ne4 20. Qd4 Qxd4 21. Rxd4 Nxc3 22. Rxc3 Rxc3 23. bxc3 Rc8 24. Bf3 Rc5 25. Kf1 Kf8 26. Ke1 Ke7 27. Kd2 1/2-1/2